| 000 | 00497nam a2200157 i 4500 | ||
|---|---|---|---|
| 001 | 43464 | ||
| 003 | ES-MaACL | ||
| 005 | 20230906160811.0 | ||
| 007 | t| | ||
| 008 | 030317s1857 xxk ||||1| eng d | ||
| 100 | 1 |
_aCatlin, Geo. _937072 |
|
| 245 | 1 | 0 |
_aIllustrations of the manners, customs, and condition of the North American Indians / _cby Geo Catlin. |
| 260 |
_aLondon : _bHenry G. Bohn, _c1857 ( _fJ.E. Adlard) |
||
| 300 |
_a2 v., 312 lám., 3 map. ; _c26 cm. |
||
| 852 |
_aES-MaACL _jG-7890-91 |
||
| 999 |
_c43464 _d43464 |
||